[Event "57th World Juniors 2018"]
[Site "Manavgat TUR"]
[Date "2018.09.07"]
[Round "3.52"]
[White "Galperin, Platon"]
[Black "Gulden, Egemen"]
[Result "1/2-1/2"]
[BlackTitle "CM"]
[WhiteElo "2348"]
[BlackElo "2068"]
[WhiteFideId "14165414"]
[BlackFideId "6324983"]
[EventDate "2018.09.05"]

1. d4 Nf6 2. c4 e6 3. Nf3 b6 4. g3 Ba6 5. b3 Bb4+ 6. Bd2 Be7 7. Bg2 c6 8. Bc3 d5
9. Ne5 Ne4 10. Bxe4 dxe4 11. Nd2 f6 12. Ng4 Bb7 13. c5 f5 14. Ne3 bxc5 15. dxc5
Bxc5 16. Bxg7 Rg8 17. Bc3 Bxe3 18. fxe3 Ba6 19. Qc2 Nd7 20. Bb2 Qc7 21. Nc4 Bxc4
22. Qxc4 Rg6 23. O-O-O h5 24. Rd2 Nb6 25. Qc3 Rh6 26. Rhd1 Nd5 27. Rxd5 exd5 28.
Rxd5 Rd8 29. Re5+ Kd7 30. Re7+ Kxe7 31. Qg7+ Kd6 32. Be5+ 1/2-1/2

[Event "57th World Juniors 2018"]
[Site "Manavgat TUR"]
[Date "2018.09.07"]
[Round "3.54"]
[White "Nurgaliyev, Sauat"]
[Black "Shailesh, Dravid"]
[Result "0-1"]
[WhiteTitle "CM"]
[BlackTitle "FM"]
[WhiteElo "1685"]
[BlackElo "2325"]
[WhiteFideId "13726285"]
[BlackFideId "25017969"]
[EventDate "2018.09.05"]

1. Nf3 Nf6 2. d4 g6 3. g3 Bg7 4. Bg2 O-O 5. O-O d6 6. c4 Nc6 7. Nc3 Bf5 8. Nh4
Bd7 9. e4 e5 10. d5 Nd4 11. f4 Bg4 12. Qd3 Nd7 13. Be3 Nc5 14. Qd2 f5 15. h3 Bh5
16. exf5 gxf5 17. fxe5 dxe5 18. Bxd4 exd4 19. Nb5 f4 20. Rxf4 Bh6 21. Rxf8+ Qxf8
22. Qxd4 Re8 23. Kh2 Be3 24. Qc3 Bf2 25. g4 Qf4+ 26. Kh1 Re3 27. Qc2 Ne4 28. Nf5
Bxg4 29. hxg4 Ng3+ 30. Nxg3 Qxg3 31. d6 Qh4+ 32. Bh3 Qxh3# 0-1

[Event "57th World Juniors 2018"]
[Site "Manavgat TUR"]
[Date "2018.09.07"]
[Round "3.56"]
[White "Huber, Martin Christian"]
[Black "Liyanage, Ranindu Dilshan"]
[Result "0-1"]
[WhiteTitle "IM"]
[BlackTitle "CM"]
[WhiteElo "2390"]
[BlackElo "1989"]
[WhiteFideId "1623435"]
[BlackFideId "9915834"]
[EventDate "2018.09.05"]

1. d4 d5 2. c4 e6 3. Nc3 a6 4. cxd5 exd5 5. Bf4 Nf6 6. e3 Bd6 7. Bg5 c6 8. Bd3
O-O 9. Qc2 h6 10. Bh4 Re8 11. Nf3 Bg4 12. O-O-O Nbd7 13. Kb1 Qa5 14. h3 Be6 15.
Bxf6 Nxf6 16. g4 c5 17. dxc5 Bxc5 18. g5 hxg5 19. Nxg5 Bb4 20. Ne2 Rac8 21. Qb3
Bd7 22. a3 Be7 23. Rc1 Ba4 24. Qa2 Qd2 25. Nf4 Qxf2 26. Rcf1 Bc2+ 27. Ka1 Qxe3
28. Rf3 Qd2 29. Bxc2 Rxc2 30. Qb3 Rc1+ 31. Rxc1 Qxc1+ 32. Ka2 Qc4 33. h4 Bd6 34.
Ng2 Re2 35. Ne3 Qxb3+ 36. Kxb3 Ne4 37. Nxe4 dxe4 38. Rh3 Be5 39. Nc4 Bd4 40. Nd6
b5 41. Kb4 Rxb2+ 42. Ka5 e3 0-1

[Event "57th World Juniors 2018"]
[Site "Manavgat TUR"]
[Date "2018.09.07"]
[Round "3.57"]
[White "Lee, Jun Hyeok"]
[Black "Repka, Christopher"]
[Result "1/2-1/2"]
[WhiteTitle "FM"]
[BlackTitle "GM"]
[WhiteElo "2263"]
[BlackElo "2523"]
[WhiteFideId "13202340"]
[BlackFideId "14918781"]
[EventDate "2018.09.05"]

1. d4 Nf6 2. Bf4 g6 3. e3 Bg7 4. Nf3 O-O 5. h3 d6 6. c3 Nfd7 7. Bc4 e5 8. Bg5
Qe8 9. O-O Nb6 10. Bb3 Be6 11. dxe5 dxe5 12. e4 N8d7 13. Nbd2 a5 14. Qe2 a4 15.
Bxe6 Qxe6 16. Be3 Rfd8 17. b4 a3 18. c4 Na4 19. c5 Nc3 20. Qd3 Na4 21. Ng5 Qe7
22. Qb3 Nf6 23. Qxa3 Nxc5 24. Bxc5 Rxa3 25. Bxe7 Rxd2 26. Rfd1 Rad3 27. Rxd2
Rxd2 28. a4 h6 29. Nf3 Rb2 30. Bxf6 Bxf6 31. b5 Rb4 32. Nd2 Be7 33. Rc1 Bg5 34.
Rc2 Rxa4 35. Nf3 Bd8 36. Rd2 Bf6 37. Rc2 Ra5 38. Rxc7 Rxb5 39. Nd2 Rb2 40. Nc4
Rb1+ 41. Kh2 Rc1 42. Rc8+ Kg7 43. Nd6 Rxc8 44. Nxc8 b5 45. Nd6 1/2-1/2

[Event "57th World Juniors 2018"]
[Site "Manavgat TUR"]
[Date "2018.09.07"]
[Round "3.58"]
[White "Wong, Yinn Long"]
[Black "Zarubitski, Viachaslau"]
[Result "1-0"]
[WhiteTitle "FM"]
[BlackTitle "IM"]
[WhiteElo "2261"]
[BlackElo "2425"]
[WhiteFideId "5707684"]
[BlackFideId "13509373"]
[EventDate "2018.09.05"]

1. e4 c5 2. Nc3 Nc6 3. Nge2 g6 4. g3 Bg7 5. Bg2 e6 6. d3 Nge7 7. Bg5 h6 8. Be3
Nd4 9. Qd2 Nec6 10. O-O d6 11. a3 h5 12. h3 Nxe2+ 13. Qxe2 Rb8 14. f4 O-O 15.
Qd2 Nd4 16. Rae1 b5 17. Nd1 Qc7 18. c3 Nc6 19. g4 hxg4 20. hxg4 f5 21. exf5 gxf5
22. gxf5 Rxf5 23. Be4 Ne7 24. Bxf5 Nxf5 25. Qh2 Bb7 26. Bf2 Bf6 27. Bg3 Kg7 28.
Qh3 Rh8 29. Qg4+ Kf7 30. Kf2 Qc6 31. Rg1 Qd5 32. Ne3 Qxd3 33. Nxf5 exf5 34. Qd1
Qxd1 35. Rxd1 Ke6 36. Ke3 a5 37. Rd2 d5 38. Re1 b4 39. axb4 axb4 40. cxb4 cxb4
41. Kd3+ Kd6 42. Bf2 b3 43. Ra1 Rh3+ 44. Ke2 Rh2 45. Kd3 Rh3+ 46. Ke2 Rh8 47.
Ra3 Rb8 48. Bd4 Re8+ 49. Kd1 Bxd4 50. Rxd4 Re4 51. Rxe4 fxe4 52. Rxb3 Bc8 53.
Kd2 d4 54. Rb8 Bf5 55. Re8 e3+ 56. Ke2 Be6 57. Kd3 Kd5 58. Rf8 Kc5 59. b4+ Kxb4
60. Kxd4 e2 61. Rb8+ Ka5 62. Rb1 Bf5 63. Re1 Bg4 64. Ke5 Kb6 65. Rc1 Bh5 66. f5
Bf7 67. Re1 Bc4 68. f6 Kc7 69. Rxe2 Kd7 70. Re4 Bg8 71. Kf4 Kd6 72. Kg5 Ba2 73.
Re1 Bf7 74. Kh6 Kd5 1-0

[Event "57th World Juniors 2018"]
[Site "Manavgat TUR"]
[Date "2018.09.07"]
[Round "3.59"]
[White "Noboa, Kevin"]
[Black "Macovei, Andrei"]
[Result "0-1"]
[WhiteTitle "FM"]
[BlackTitle "FM"]
[WhiteElo "2256"]
[BlackElo "2385"]
[WhiteFideId "3618471"]
[BlackFideId "13904680"]
[EventDate "2018.09.05"]

1. d4 Nf6 2. c4 e6 3. Nc3 Bb4 4. e3 O-O 5. Bd3 d5 6. a3 Bxc3+ 7. bxc3 dxc4 8.
Bxc4 c5 9. Ne2 Qc7 10. Ba2 Nbd7 11. O-O b6 12. f3 Ba6 13. Bb2 Rfd8 14. Re1 Qc6
15. Qb3 Rac8 16. Rac1 b5 17. Bb1 Nb6 18. Rcd1 Nc4 19. Bc1 e5 20. Bf5 Rb8 21. Kh1
e4 22. Bxe4 Nxe4 23. fxe4 Nd6 24. Ng3 Nxe4 25. Nxe4 Qxe4 26. Rf1 c4 27. Qb2 Bb7
28. Rf4 Qg6 29. Qf2 Be4 30. Bd2 Rd5 31. Rf1 Rf8 32. h4 Bd3 33. Rg1 Be4 34. Kh2
h5 35. Qg3 Qe6 36. Rgf1 f5 37. Qg5 Qe8 38. Qg3 Rf6 39. Qe1 Rg6 40. Rg1 Qe7 41.
Bc1 a5 42. Qe2 Rg4 43. Rxg4 hxg4 44. Qf2 Rd6 45. Rh1 Rh6 46. Kg1 b4 47. axb4
axb4 48. cxb4 Qxb4 49. Qd2 Qxd2 50. Bxd2 Ra6 51. Be1 Ra2 52. Rh2 Ra1 53. Kf1 g3 0-1

[Event "57th World Juniors 2018"]
[Site "Manavgat TUR"]
[Date "2018.09.07"]
[Round "3.62"]
[White "Cirovic, Miroljub"]
[Black "Murzin, Volodar"]
[Result "1/2-1/2"]
[BlackTitle "FM"]
[WhiteElo "2181"]
[BlackElo "2349"]
[WhiteFideId "16502868"]
[BlackFideId "44155573"]
[EventDate "2018.09.05"]

1. d4 Nf6 2. c4 g6 3. Nc3 Bg7 4. e4 O-O 5. f3 c6 6. Bd3 d6 7. Nge2 e5 8. d5 cxd5
9. cxd5 Nbd7 10. Be3 Nc5 11. Bc2 a5 12. a3 Bd7 13. b4 Na6 14. Rb1 axb4 15. axb4
Ne8 16. O-O Nec7 17. Qd2 Nb5 18. Nxb5 Bxb5 19. Bd3 Nc7 20. Ra1 Qd7 21. Nc3 Rfc8
22. Nxb5 Nxb5 23. Qb2 Nd4 24. Rxa8 Rxa8 25. Ra1 Rf8 26. Rc1 Qd8 27. b5 Qb6 28.
Kh1 h5 29. Qc3 Ra8 30. Ra1 Rxa1+ 31. Qxa1 Qc5 32. Qb2 Bf6 33. g3 h4 34. Kg2 Kg7
35. g4 g5 36. Qc1 Qxc1 37. Bxc1 Kf8 38. Bd2 Bd8 39. h3 Ke8 40. Kf2 Kd7 41. Bc3
Nb3 42. Bc2 Nd4 43. Bd3 Kc7 44. Ba5+ Kc8 45. Bb4 Bb6 46. Kg2 Kc7 47. Bd2 f6 48.
Bc3 Nb3 49. Bc2 Nc5 50. Bb4 Nd7 51. Kf1 Nf8 52. Bd3 Ng6 53. Ke1 Nf4 1/2-1/2

[Event "57th World Juniors 2018"]
[Site "Manavgat TUR"]
[Date "2018.09.07"]
[Round "3.63"]
[White "Tuncer, Tuna"]
[Black "Tuna, Alp"]
[Result "1-0"]
[WhiteTitle "FM"]
[BlackTitle "FM"]
[WhiteElo "2342"]
[BlackElo "2253"]
[WhiteFideId "6349269"]
[BlackFideId "6372910"]
[EventDate "2018.09.05"]

1. e4 c6 2. Nc3 d5 3. Nf3 Nf6 4. e5 Ne4 5. Ne2 Qb6 6. d4 e6 7. Ng3 c5 8. Bd3
Nxg3 9. fxg3 Nc6 10. O-O h6 11. dxc5 Bxc5+ 12. Kh1 Bd7 13. c3 a5 14. Qe2 O-O-O
15. Bd2 Qc7 16. b4 Bb6 17. Rfc1 Kb8 18. Rab1 g5 19. b5 Ne7 20. c4 g4 21. Nh4 Qc5
22. Qxg4 Ka7 23. Qe2 Rc8 24. Nf3 Qa3 25. Rc3 Qa4 26. Be3 Bxe3 27. Qxe3+ b6 28.
Qc1 dxc4 29. Bc2 Qxa2 30. Ra3 1-0

[Event "57th World Juniors 2018"]
[Site "Manavgat TUR"]
[Date "2018.09.07"]
[Round "3.65"]
[White "Urazayev, Arystanbek"]
[Black "Ongut, Tamas Gunes"]
[Result "1/2-1/2"]
[WhiteTitle "CM"]
[BlackTitle "FM"]
[WhiteElo "2333"]
[BlackElo "2121"]
[WhiteFideId "13709810"]
[BlackFideId "770280"]
[EventDate "2018.09.05"]

1. e4 e5 2. Nf3 Nc6 3. Bb5 a6 4. Ba4 Nf6 5. d3 b5 6. Bb3 Be7 7. Nc3 d6 8. a3 O-O
9. Nd5 Nxd5 10. Bxd5 Bd7 11. h4 Rb8 12. Ng5 g6 13. Qd2 Bxg5 14. hxg5 Ne7 15. Bb3
Be6 16. f4 Bxb3 17. cxb3 f5 18. gxf6 Rxf6 19. f5 gxf5 20. Qg5+ Rg6 21. Qh5 f4
22. Qxh7+ Kf8 23. Bd2 Qe8 24. Rc1 Rc8 25. Ba5 c6 26. Kf1 Qf7 27. Qh8+ Qg8 28.
Be1 Qxh8 29. Rxh8+ Rg8 30. Rh7 Rg7 31. Rh8+ Rg8 32. Rh7 Rg7 33. Rh8+ Rg8 1/2-1/2

[Event "57th World Juniors 2018"]
[Site "Manavgat TUR"]
[Date "2018.09.07"]
[Round "3.66"]
[White "Petkov, Momchil"]
[Black "Tasdogen, Dincer"]
[Result "1-0"]
[WhiteTitle "FM"]
[BlackTitle "FM"]
[WhiteElo "2163"]
[BlackElo "2329"]
[WhiteFideId "2921642"]
[BlackFideId "6367097"]
[EventDate "2018.09.05"]

1. e4 g6 2. d4 Bg7 3. Be3 c6 4. Nc3 d5 5. Qd2 Nf6 6. f3 dxe4 7. Nxe4 Nxe4 8.
fxe4 e5 9. Nf3 exd4 10. O-O-O c5 11. Bh6 O-O 12. h4 Bg4 13. Bc4 Nc6 14. Rdf1 Rb8
15. h5 gxh5 16. Nh4 Ne7 17. Bxg7 Kxg7 18. Qg5+ Ng6 19. Nf5+ Kh8 20. Qh6 Qf6 21.
Rf4 Bxf5 22. exf5 Qg7 23. Qxg7+ Kxg7 24. fxg6 hxg6 25. Re1 b5 26. Bd5 f5 27.
Re7+ Kf6 28. Re6+ Kg5 29. Rf3 h4 30. Ra3 Rfe8 31. Rxa7 Rxe6 32. Bxe6 Kf4 33. Rg7
Kg5 34. Rc7 Re8 35. Rc6 Re7 36. Kd2 c4 37. Bd5 Rh7 38. a4 c3+ 39. bxc3 dxc3+ 40.
Rxc3 bxa4 41. Ra3 Ra7 42. Ke3 Kg4 43. Kd4 Kf4 44. c4 g5 45. Kc5 g4 46. Kb6 Rd7
47. Rxa4 Kg3 48. Ra3+ Kh2 49. Kc6 Rg7 50. Kd6 f4 51. c5 f3 52. gxf3 g3 53. f4 h3
54. c6 g2 55. Ra2 Kg3 56. Bxg2 hxg2 57. Rxg2+ Kxg2 58. c7 Rg8 59. f5 Rf8 60. Ke6
Rc8 61. Kd7 Rf8 62. c8=Q Rxf5 63. Qc2+ Rf2 64. Qe4+ Kg3 65. Ke6 Rf4 66. Qe3+ Rf3
67. Qg5+ Kf2 68. Ke5 Re3+ 69. Kf4 Rf3+ 70. Ke4 Rg3 71. Qd2+ Kg1 72. Kf4 Rh3 73.
Qe1+ Kg2 74. Qe2+ Kg1 75. Kg4 Rh2 76. Qd1+ Kg2 77. Qd6 Kg1 78. Qd4+ Kg2 79. Qe4+
Kf2 80. Qf4+ Kg2 81. Qe5 Kg1 82. Kg3 Rg2+ 83. Kh3 Rf2 84. Qe1+ 1-0

[Event "57th World Juniors 2018"]
[Site "Manavgat TUR"]
[Date "2018.09.07"]
[Round "3.67"]
[White "Sevgi, Volkan"]
[Black "Maltezeanu, Stefan"]
[Result "1-0"]
[WhiteTitle "FM"]
[WhiteElo "2323"]
[BlackElo "2089"]
[WhiteFideId "6325335"]
[BlackFideId "4004655"]
[EventDate "2018.09.05"]

1. e4 c5 2. Nc3 Nc6 3. g3 g6 4. Bg2 Bg7 5. d3 d6 6. Be3 Nf6 7. h3 O-O 8. Nge2
Rb8 9. f4 Bd7 10. O-O b5 11. Qd2 b4 12. Nd1 Qc8 13. f5 Ne5 14. g4 c4 15. Bxa7
Ra8 16. Bf2 cxd3 17. cxd3 b3 18. Ne3 Rxa2 19. g5 Nh5 20. d4 Nc4 21. Nxc4 Qxc4
22. Rac1 Qa6 23. Nc3 Ra5 24. Bf3 Rc8 25. Bxh5 gxh5 26. Be3 Bf8 27. Qd1 Qb7 28.
d5 f6 29. Qxh5 fxg5 30. Qxg5+ Bg7 31. Bd4 e5 32. fxe6 Be8 33. Rf7 1-0

[Event "57th World Juniors 2018"]
[Site "Manavgat TUR"]
[Date "2018.09.07"]
[Round "3.68"]
[White "Kwon, Sehyun"]
[Black "Agibileg, Uurtsaikh"]
[Result "0-1"]
[WhiteTitle "CM"]
[WhiteElo "2129"]
[BlackElo "2321"]
[WhiteFideId "13203088"]
[BlackFideId "4901606"]
[EventDate "2018.09.05"]

1. e4 c5 2. Nf3 e6 3. b3 Nf6 4. e5 Nd5 5. Bb2 d6 6. c4 Nb4 7. a3 N4c6 8. Be2 Nd7
9. exd6 e5 10. b4 Bxd6 11. bxc5 Bxc5 12. Nc3 O-O 13. Na4 e4 14. Ng1 Bd4 15. Nh3
Bxb2 16. Nxb2 Nc5 17. Na4 Nxa4 18. Qxa4 Bxh3 19. gxh3 Nd4 20. Rg1 Nxe2 21. Kxe2
Qd3+ 22. Ke1 Qxh3 23. Qb5 Qxh2 24. Rxg7+ Kh8 25. Qb2 f6 26. Qxb7 Rg8 27. Rb1
Qh1+ 28. Ke2 Qh5+ 29. Kf1 Rxg7 30. Qxa8+ Rg8 31. Rb8 Qd1# 0-1

[Event "57th World Juniors 2018"]
[Site "Manavgat TUR"]
[Date "2018.09.07"]
[Round "3.70"]
[White "Vanczak, Tamas"]
[Black "Ozsakallioglu, Okan"]
[Result "1/2-1/2"]
[WhiteTitle "FM"]
[WhiteElo "2276"]
[BlackElo "1955"]
[WhiteFideId "759929"]
[BlackFideId "6367011"]
[EventDate "2018.09.05"]

1. e4 c5 2. Nf3 e6 3. d4 cxd4 4. Nxd4 Nc6 5. Nc3 Nf6 6. Nxc6 bxc6 7. e5 Nd5 8.
Ne4 Qc7 9. f4 Qa5+ 10. c3 Be7 11. Bd3 f5 12. exf6 Nxf6 13. O-O Ba6 14. Nxf6+
Bxf6 15. Bxa6 Qxa6 16. f5 O-O 17. fxe6 dxe6 18. Be3 Qb5 19. Qc2 Bg5 20. Bxg5
Qxg5 21. Qe2 Qd5 22. c4 Qc5+ 23. Kh1 e5 24. h3 Rxf1+ 25. Rxf1 Rf8 26. Rd1 h6 27.
b3 Rf6 28. Qe4 Rd6 29. Rf1 Qd4 30. Qxd4 exd4 31. Kg1 c5 32. Rf5 Ra6 33. Rxc5
Rxa2 34. Rd5 Rb2 35. Rxd4 Rxb3 36. Rd8+ Kh7 37. Kf2 a5 38. Ra8 1/2-1/2

[Event "57th World Juniors 2018"]
[Site "Manavgat TUR"]
[Date "2018.09.07"]
[Round "3.71"]
[White "Dionizio, Andre Filipe Nasciment"]
[Black "Kilic, Efe Mert"]
[Result "0-1"]
[BlackTitle "FM"]
[WhiteElo "2010"]
[BlackElo "2269"]
[WhiteFideId "1920294"]
[BlackFideId "6354327"]
[EventDate "2018.09.05"]

1. e4 e5 2. Nf3 Nc6 3. Bb5 Nge7 4. Nc3 d6 5. d4 exd4 6. Nxd4 Bd7 7. Nxc6 bxc6 8.
Bc4 Ng6 9. Be3 Be7 10. Qd2 Ne5 11. Be2 O-O 12. O-O Be6 13. f4 Nc4 14. Bxc4 Bxc4
15. Rfe1 Bh4 16. g3 Bf6 17. Rad1 Re8 18. Bd4 Be6 19. Bxf6 Qxf6 20. Qd4 Qh6 21.
f5 Bd7 22. Rf1 Re5 23. Rf4 Qf6 24. Qf2 Qd8 25. Qf3 Qb8 26. b3 Qb4 27. h4 Rae8
28. Rd3 Bc8 29. Qf2 Qa5 30. Qd2 f6 31. Kh2 Ba6 32. Rd4 Bb7 33. Ra4 Qb6 34. Qf2
c5 35. b4 cxb4 36. Qxb6 axb6 37. Rxb4 Rc5 38. Rb3 Rc4 39. Kg2 Re5 40. Kf2 Rec5
41. Rf3 Bxe4 42. Nxe4 Rxe4 43. c3 Ra4 44. a3 Rca5 45. Ke3 Rxa3 46. Rxa3 Rxa3 47.
Kd4 Ra5 48. c4 h5 49. Ke4 Re5+ 50. Kd4 Kf7 51. Ra3 Rxf5 52. Ra7 Rc5 53. Rb7 Ke6
54. Rb8 Kf5 55. Rg8 g5 56. hxg5 fxg5 57. Re8 Kg4 58. Re3 Rf5 0-1

[Event "57th World Juniors 2018"]
[Site "Manavgat TUR"]
[Date "2018.09.07"]
[Round "3.74"]
[White "Cansun, Can Alp"]
[Black "Hollan, Martin"]
[Result "1/2-1/2"]
[BlackTitle "FM"]
[WhiteElo "2110"]
[BlackElo "2336"]
[WhiteFideId "6390188"]
[BlackFideId "360937"]
[EventDate "2018.09.05"]

1. e4 c5 2. Nf3 Nc6 3. d4 cxd4 4. Nxd4 e5 5. Nb5 a6 6. Nd6+ Bxd6 7. Qxd6 Qe7 8.
Qc7 d5 9. Qxe7+ Ngxe7 10. exd5 Nxd5 11. c3 O-O 12. Na3 Be6 13. Be2 Rfd8 14. g3
Rd7 15. O-O Rad8 16. Nc4 b5 17. Ne3 Nb6 18. b3 e4 19. a4 bxa4 20. bxa4 a5 21.
Ba3 Ne5 22. Bc5 Nbc4 23. Nxc4 Bxc4 24. Bxc4 Nxc4 25. Rfb1 h6 26. Rb5 Rd1+ 27.
Rxd1 Rxd1+ 28. Kg2 Ra1 29. Rb8+ Kh7 30. Re8 f5 31. Bd4 Rxa4 32. Re7 Kg8 33.
Rxg7+ Kf8 34. Rg6 Ra2 35. Kh3 Ke7 36. Rxh6 a4 37. Rc6 Nd2 38. Rc5 Nb3 39. Rxf5
a3 40. Bh8 Rd2 41. c4 a2 42. Re5+ Kf7 43. Rxe4 a1=Q 44. Bxa1 Nxa1 45. f4 Nb3 46.
g4 Nc5 47. Re5 Ne6 48. Re4 Nc5 49. Re5 Ne6 50. Kg3 Rd3+ 51. Kf2 Rd2+ 52. Kg3
Rd3+ 53. Kh4 Kf6 54. g5+ Kf7 55. Kg4 Rd4 56. Rf5+ Kg8 57. Rf6 Nc5 58. h4 Nd7 59.
Rf5 Rxc4 60. Rd5 Nf8 61. h5 Ne6 62. Rf5 Rc1 63. Rf6 Ng7 64. h6 Rg1+ 65. Kf3 Nh5
66. h7+ Kh8 67. Rh6 Ng7 68. g6 Nf5 69. Rh5 Ng7 70. Rh6 Nf5 71. Rh5 Ng7 72. Rg5
Rxg5 73. fxg5 Ne6 74. Kg4 Kg7 75. Kf5 Nf8 76. h8=Q+ Kxh8 77. Kf6 Kg8 78. g7 Nd7+
79. Kg6 Ne5+ 80. Kf6 Nd7+ 1/2-1/2

[Event "57th World Juniors 2018"]
[Site "Manavgat TUR"]
[Date "2018.09.07"]
[Round "3.75"]
[White "Zhu, Yi"]
[Black "Lin, Peisen"]
[Result "0-1"]
[WhiteTitle "FM"]
[WhiteElo "2335"]
[BlackElo "2034"]
[WhiteFideId "8607435"]
[BlackFideId "8611505"]
[EventDate "2018.09.05"]

1. Nc3 d5 2. Nf3 Nf6 3. d4 Bf5 4. Bf4 e6 5. e3 c5 6. Bd3 Bxd3 7. Qxd3 cxd4 8.
exd4 Nc6 9. Ne5 Be7 10. O-O-O O-O 11. h4 Qa5 12. Kb1 Rfc8 13. Qf3 Nb4 14. a3 Nc6
15. Rd3 b5 16. g4 b4 17. axb4 Nxb4 18. Re3 Ne4 0-1

[Event "57th World Juniors 2018"]
[Site "Manavgat TUR"]
[Date "2018.09.07"]
[Round "3.79"]
[White "Ozgur, Tibet Kagan"]
[Black "Yilmaz, Goktan"]
[Result "1-0"]
[BlackTitle "CM"]
[WhiteElo "2056"]
[BlackElo "2237"]
[WhiteFideId "6322832"]
[BlackFideId "6354904"]
[EventDate "2018.09.05"]

1. d4 Nf6 2. Nf3 d5 3. Bf4 c5 4. e3 Nc6 5. c3 Qb6 6. Qb3 c4 7. Qxb6 axb6 8. Na3
e6 9. Nb5 Ra5 10. Nd6+ Bxd6 11. Bxd6 Ne4 12. Bc7 Kd7 13. Bg3 Nxg3 14. hxg3 f6
15. a3 Kd6 16. O-O-O Bd7 17. e4 b5 18. Re1 dxe4 19. Rxe4 Be8 20. Nd2 Bg6 21. Re1
Raa8 22. Be2 e5 23. dxe5+ Nxe5 24. f4 Nd7 25. Bh5 Bd3 26. Ne4+ Bxe4 27. Rxe4 Nc5
28. Rd4+ Kc7 29. Rd5 Kb6 30. Kc2 Rad8 31. Rhd1 Rxd5 32. Rxd5 Nd3 33. Rd7 g6 34.
Be2 Nc5 35. Rd6+ Kc7 36. Rxf6 Re8 37. Bg4 Re1 38. Rf7+ Kb6 39. Rf6+ Ka7 40. Rd6
Rf1 41. Rd1 Rf2+ 42. Rd2 Rf1 43. Rd1 Rf2+ 44. Rd2 Rxd2+ 45. Kxd2 Kb6 46. Bf3 Kc7
47. g4 Kd6 48. g5 Nd3 49. Ke3 Nxb2 50. Bxb7 Na4 51. Kd4 Nc5 52. Bc8 Nd3 53. Ba6
Nxf4 54. Bxb5 Ne6+ 55. Kxc4 Nxg5 56. Kd3 Ne6 57. Ke3 g5 58. Bd3 h5 59. Be2 h4
60. Bf3 Kc5 61. Ke4 Kc4 62. Kf5 Nf4 63. a4 h3 64. g4 Nd5 65. a5 Nxc3 66. a6 Nb5
67. Kxg5 Kc5 68. Kh4 h2 69. Kg3 Kb6 70. Kxh2 Nd6 71. Be2 Nc8 72. Kg3 Kc5 73. Kf4
Kd6 74. Kf5 Ke7 75. Kg6 Ke6 76. g5 Ne7+ 77. Kh7 Nc6 78. g6 Kf6 79. g7 Ne7 80. a7 1-0

[Event "57th World Juniors 2018"]
[Site "Manavgat TUR"]
[Date "2018.09.07"]
[Round "3.81"]
[White "Ismayilov, Muhammad"]
[Black "Daghan, Devran"]
[Result "1-0"]
[WhiteElo "2137"]
[BlackElo "2004"]
[WhiteFideId "13410024"]
[BlackFideId "6371930"]
[EventDate "2018.09.05"]

1. e4 c5 2. Nf3 d6 3. d4 cxd4 4. Qxd4 e5 5. Bb5+ Nd7 6. Qd3 h6 7. Be3 Be7 8. Nc3
Nf6 9. Nd2 O-O 10. Nc4 Qc7 11. Bxd7 Bxd7 12. O-O-O Be6 13. Nd5 Bxd5 14. exd5
Rac8 15. Na3 a6 16. Kb1 b5 17. c3 Nd7 18. g4 Nc5 19. Qd2 Rb8 20. Nc2 a5 21. a3
Na6 22. Rhg1 b4 23. cxb4 axb4 24. g5 bxa3 25. Nxa3 Bxg5 26. Bxg5 hxg5 27. Rxg5
f6 28. Rh5 Qf7 29. Rh3 Nc5 30. Rg1 Ne4 31. Qh6 Rxb2+ 32. Kxb2 Qb7+ 33. Ka1 Ng5
34. Rxg5 fxg5 35. Qh8+ Kf7 36. Rf3+ Kg6 37. Qxf8 Qd7 38. Qg8 e4 39. Rf8 Qa4 40.
Qe6+ Kh7 41. Qf5+ 1-0

[Event "57th World Juniors 2018"]
[Site "Manavgat TUR"]
[Date "2018.09.07"]
[Round "4.1"]
[White "Maghsoodloo, Parham"]
[Black "Hakobyan, Aram"]
[Result "1-0"]
[WhiteTitle "GM"]
[BlackTitle "GM"]
[WhiteElo "2649"]
[BlackElo "2554"]
[WhiteFideId "12539929"]
[BlackFideId "13306677"]
[EventDate "2018.09.05"]

1. Nf3 Nf6 2. g3 g6 3. b3 c5 4. c4 Bg7 5. Bb2 d6 6. Bg2 e5 7. O-O O-O 8. Nc3 Nc6
9. d3 h6 10. Nd2 Be6 11. Nde4 Ne8 12. Nd5 Ne7 13. Nec3 Nxd5 14. Nxd5 Nc7 15. Nc3
Rb8 16. e3 d5 17. Qc2 d4 18. exd4 exd4 19. Ne4 b6 20. Rae1 f5 21. Nd2 g5 22. Nf3
Qd6 23. Bc1 f4 24. gxf4 gxf4 25. Kh1 Rbe8 26. Nd2 Qd7 27. Rg1 Kh8 28. Bf3 Bf5
29. Ne4 Ne6 30. Qd1 Bxe4 31. Bxe4 Ng5 32. Rxg5 Rxe4 33. Rxe4 hxg5 34. Qh5+ Kg8
35. f3 Bf6 36. Qg6+ Qg7 37. Qf5 Bd8 38. Qg4 Kh7 39. Kg2 Qf7 40. b4 Re8 41. bxc5
bxc5 42. Bd2 Rxe4 43. fxe4 Qb7 44. Kf2 Qb2 45. Ke2 Qxa2 46. h4 gxh4 47. Qxf4 Kg7
48. Qg4+ Kf7 49. Qh5+ Kg7 50. Qg4+ Kf7 51. Qf5+ Ke8 52. Qxc5 Qa6 53. Qxd4 Qg6
54. Qe5+ Kd7 55. Qd5+ Ke8 56. Qb5+ Kf7 57. Qd7+ Be7 58. Bb4 Qg2+ 59. Kd1 Qg5 60.
Kc2 a5 61. Bd6 Qf6 62. Bxe7 Qxe7 63. Qd5+ Kg7 64. Qxa5 h3 65. Qh5 Qe6 66. e5 Qh6
67. Qg4+ Kf8 68. Qd7 Qh4 69. Qd6+ Kg7 70. e6 h2 71. Qe5+ Kh7 72. Qf5+ Kg7 73. e7
h1=Q 74. Qe5+ Kh7 75. e8=Q Qxc4+ 76. dxc4 1-0

[Event "57th World Juniors 2018"]
[Site "Manavgat TUR"]
[Date "2018.09.07"]
[Round "4.2"]
[White "Donchenko, Alexander"]
[Black "Christiansen, Johan-Sebastian"]
[Result "1/2-1/2"]
[WhiteTitle "GM"]
[BlackTitle "IM"]
[WhiteElo "2614"]
[BlackElo "2525"]
[WhiteFideId "24603295"]
[BlackFideId "1512668"]
[EventDate "2018.09.05"]

1. c4 e5 2. g3 Nc6 3. Nc3 Bc5 4. Bg2 d6 5. e3 a6 6. Nge2 Ba7 7. b3 Nf6 8. Bb2
O-O 9. O-O Re8 10. h3 Rb8 11. Kh2 Bd7 12. Rc1 h6 13. Nd5 Nxd5 14. cxd5 Nb4 15.
d4 Nxa2 16. Ra1 Nb4 17. Ba3 c5 18. dxc6 bxc6 19. dxe5 dxe5 20. Bxb4 Rxb4 21.
Rxa6 Bb6 22. Qd6 Bc8 23. Qxd8 Rxd8 24. Ra8 Rxb3 25. Bxc6 Rb2 26. Nc3 Be6 27. Na4
Rxa8 28. Bxa8 Rb4 29. Nxb6 Rxb6 30. Be4 g6 1/2-1/2

[Event "57th World Juniors 2018"]
[Site "Manavgat TUR"]
[Date "2018.09.07"]
[Round "4.4"]
[White "Sindarov, Javokhir"]
[Black "Aravindh, Chithambaram VR."]
[Result "1-0"]
[WhiteTitle "IM"]
[BlackTitle "GM"]
[WhiteElo "2484"]
[BlackElo "2578"]
[WhiteFideId "14205483"]
[BlackFideId "5072786"]
[EventDate "2018.09.05"]

1. e4 c5 2. Nc3 Nc6 3. Nf3 g6 4. d4 cxd4 5. Nxd4 Bg7 6. Be3 Nf6 7. Nxc6 bxc6 8.
e5 Nd5 9. Nxd5 cxd5 10. Qxd5 Rb8 11. O-O-O Bb7 12. Qc5 O-O 13. c3 Rc8 14. Qb4
Qc7 15. f4 d6 16. exd6 exd6 17. Bd4 Bh6 18. Kb1 Rb8 19. Bxa7 Ra8 20. Bb6 Qe7 21.
a4 Be4+ 22. Bd3 Bxg2 23. Rhe1 Qh4 24. Be4 Bxe4+ 25. Rxe4 Qxh2 26. a5 Rfb8 27.
Qb5 Bxf4 28. Re2 Rxa5 29. Re8+ Kg7 30. Bd4+ Be5 31. Bxe5+ dxe5 32. Qxb8 Qe2 33.
Rg8+ Kh6 34. Rh1+ Kg5 35. Qd8+ Kf5 36. Qxa5 Qe4+ 37. Ka2 Qxh1 38. Rf8 f6 39. Qd8
Ke4 1-0